MESTSKÁ KNIŽNICA GIRALTOVCE  - online katalóg 

Stručné dejiny sveta pre mladých čitateľov (Record no. 22842)

000 -NÁVESTIE
fixed length control field 01522cam a2200421 a 4500
001 - EVIDENČNÉ ČÍSLO ZÁZNAMU - Kontrolné číslo
control field vtls011562980
005 - DÁTUM A ČAS POSLEDNEJ TRANSAKCIE
control field 20200129125416.0
008 - ÚDAJE S PEVNOU DĹŽKOU – VŠEOBECNÉ INFORMÁCIE
fixed length control field 171215s2016 xo a j 000 0dslo
020 ## - MEDZINÁRODNÉ ŠTANDARDNÉ ČÍSLO KNIHY (ISBN)
Medzinárodné štandardné číslo knihy (ISBN) 9788055623900 (viaz.)
035 ## - Iný štandardný identifikátor
Iný štandardný identifikátor FE974664-11F0-400B-BC2D-252B64B19ED2
035 ## - Iný štandardný identifikátor
Iný štandardný identifikátor urn:nbn:sk:snk-amtheh
035 ## - Iný štandardný identifikátor
Iný štandardný identifikátor urn:nbn:sk:snk-am00bjrm
040 ## - ZDROJ KATALOGIZÁCIE
Pôvodná katalogizujúca agentúra SVKPO
Jazyk katalogizácie slo
Prepisujúca agentúra SVKPO
Modifikujúca agentúra SVKBB
-- SNK
Konvencie popisu AACR2
041 1# - KÓD JAZYKA
Kód jazyka textu/zvukovej stopy alebo samostatných nápisov slo
Kód jazyka originálu a/alebo sprostredkujúcich prekladov textu ger
044 ## - KÓD KRAJINY VYDAVATEĽA/PRODUCENTA
Kód krajiny MARC xo
Kód krajiny ISO SK
072 #7 - KÓD PREDMETOVEJ KATEGÓRIE
Kód predmetovej kategórie 94(100)
Pododdiel kódu predmetovej kategórie Svetové dejiny
Zdroj konspekt
072 #7 - KÓD PREDMETOVEJ KATEGÓRIE
Kód predmetovej kategórie 0/9-053.2
Pododdiel kódu predmetovej kategórie Literatúra pre deti a mládež (náučná)
Zdroj konspekt
080 ## - ČÍSLO MEDZINÁRODNÉHO DESATINNÉHO TRIEDENIA (MDT)
Číslo Medzinárodného desatinného triedenia (MDT) 94(100)
Identifikátor vydania 2011
080 ## - ČÍSLO MEDZINÁRODNÉHO DESATINNÉHO TRIEDENIA (MDT)
Číslo Medzinárodného desatinného triedenia (MDT) (0.062)
Identifikátor vydania 2011
080 ## - ČÍSLO MEDZINÁRODNÉHO DESATINNÉHO TRIEDENIA (MDT)
Číslo Medzinárodného desatinného triedenia (MDT) 82-93-053.6
Identifikátor vydania 2011
100 1# - OSOBNÉ MENÁ – VŠEOBECNÉ INFORMÁCIE
Osobné meno Gombrich, Ernst Hans,
Dátumy súvisiace s menom 1909-2001
-- 1590
240 15 - UNIFIKOVANÝ NÁZOV
Unifikovaný názov Eine kurze Weltgeschichte für junge Leser
Jazyk diela Slovensky
245 10 - NÁZOV
Názov Stručné dejiny sveta pre mladých čitateľov
Údaj o zodpovednosti atď. Ernst H. Gombrich ; [z nemeckého originálu preložil Vladimír Varsik]
250 ## - ÚDAJ O PORADÍ VYDANIA
Údaj o poradí vydania 1. slov. vyd.
260 ## - VYDAVATEĽSKÉ ÚDAJE, DISTRIBÚCIA ATĎ.
Miesto publikovania, distribúcie atď. Bratislava
Názov vydavateľa, distibútora atď. Slovart
Dátum publikovania, distribúcie atď. 2016
300 ## - FYZICKÝ POPIS
Rozsah 317 s.
Ďalšie fyzické detaily ilustr.
Rozmery 22 cm
500 ## - VŠEOBECNÁ POZNÁMKA
Formátovaná poznámka o obsahu Biogr. údaje
650 07 - PRIDANÝ VSTUP – PREDMET – TEMATICKÉ HESLO
Tematické heslo alebo geografický názov ako vstupný prvok svetové dejiny
Zdroj hesla alebo termínu SNKPH
-- 1591
650 07 - PRIDANÝ VSTUP – PREDMET – TEMATICKÉ HESLO
Tematické heslo alebo geografický názov ako vstupný prvok World history
Zdroj hesla alebo termínu SNKPHeng
-- 1592
655 #7 - INDEXAČNÝ TERMÍN – ŽÁNER/FORMA
Údaje o žánri/forme alebo termín, ktorý je prvok fazety populárno-náučné publikácie
Zdroj termínu SNKPH
-- 1486
655 #7 - INDEXAČNÝ TERMÍN – ŽÁNER/FORMA
Údaje o žánri/forme alebo termín, ktorý je prvok fazety publikácie pre mládež
Zdroj termínu SNKPH
-- 1593
655 #7 - INDEXAČNÝ TERMÍN – ŽÁNER/FORMA
Údaje o žánri/forme alebo termín, ktorý je prvok fazety Popular works
Zdroj termínu SNKPHeng
-- 1487
655 #7 - INDEXAČNÝ TERMÍN – ŽÁNER/FORMA
Údaje o žánri/forme alebo termín, ktorý je prvok fazety Juvenile literature
Zdroj termínu SNKPHeng
-- 1594
700 1# - PRIDANÝ VSTUP – OSOBNÉ MENO
Osobné meno Varsik, Vladimír,
Dátumy súvisiace s menom 1964-
Kód roly trl
-- 1595
958 ## - Formálny deskriptor
Formálny deskriptor DB
958 ## - Formálny deskriptor
Formálny deskriptor OP
Holdings
Stav stiahnutia (Blokovanie) (Withrawn status) Stav straty Zdroj klasifikácie pre skladovanie Stav poškodenia (Damaged status) Nie pre výpožičky (Not for loan) Spôsob nadobudnutia (Collection code) Trvalé umiestnenie Aktuálne umiestnenie Dátum nadobudnutia Inventárne číslo (prírastkové číslo) Celkom výpožičky Full call number Čiarový kód Dátum posledného výskytu Dátum poslednej výpôžičky Cena s účinnosťou od Typ jednotky Koha
          Kúpa Mestská knižnica Giraltovce Mestská knižnica Giraltovce 2020-01-29 21193 1 I1843 I1843 2023-11-22 2023-10-25 2020-01-29 Odborná literatúra pre dospelých

Powered by Koha